The complete Mörike songs : (Record no. 585911)

MARC details
000 -LEADER
fixed length control field 00469nam a2200193 a 4500
008 - FIXED-LENGTH DATA ELEMENTS--GENERAL INFORMATION
fixed length control field 250908s1982##################000#0#eng##
020 ## - INTERNATIONAL STANDARD BOOK NUMBER
ISBN 9780486243801
082 04 - DEWEY DECIMAL CLASSIFICATION NUMBER
Classification number 783.242
Item number WOL
100 1# - MAIN ENTRY--AUTHOR NAME
Personal name Wolf, Hugo,
245 10 - TITLE STATEMENT
Title The complete Mörike songs :
260 ## - PUBLICATION, DISTRIBUTION, ETC. (IMPRINT)
Name of publisher Courier Corporation,
Year of publication 1982.
300 ## - PHYSICAL DESCRIPTION
Number of Pages 208 pages
650 #0 - SUBJECT ADDED ENTRY--TOPICAL TERM
Topical Term Music.
942 ## - ADDED ENTRY ELEMENTS (KOHA)
Koha item type English Books
Holdings
Withdrawn status Lost status Damaged status Not for loan Home library Current library Shelving location Date acquired Full call number Accession Number Price effective from Koha item type
        Anna Centenary Library Anna Centenary Library 6TH FLOOR, B WING 08.09.2025 783.242 WOL 444674 08.09.2025 English Books

Find us on the map